Mr. Meredith and the truly remarkable stone / (Record no. 111655)
[ view plain ]
| 000 -LEADER | |
|---|---|
| fixed length control field | 00672nam a2200193 a 4500 |
| 005 - DATE AND TIME OF LATEST TRANSACTION | |
| control field | 20140414131919.0 |
| 008 - FIXED-LENGTH DATA ELEMENTS--GENERAL INFORMATION | |
| fixed length control field | 040601s19uu xx 00 eng d |
| 020 ## - INTERNATIONAL STANDARD BOOK NUMBER | |
| International Standard Book Number | 0-02-718313-0 |
| 050 ## - LIBRARY OF CONGRESS CALL NUMBER | |
| Classification number | ER |
| Item number | M68 1989 |
| 100 ## - MAIN ENTRY--PERSONAL NAME | |
| Personal name | Chetwin, Grace |
| 245 ## - TITLE STATEMENT | |
| Title | Mr. Meredith and the truly remarkable stone / |
| Statement of responsibility, etc | Grace Chetwin; illustrated by Catherin Stock. |
| 260 ## - PUBLICATION, DISTRIBUTION, ETC. (IMPRINT) | |
| Place of publication, distribution, etc | New York : |
| Name of publisher, distributor, etc | Collier Macmillan, |
| Date of publication, distribution, etc | 1989. |
| 300 ## - PHYSICAL DESCRIPTION | |
| Extent | 1 v. (unp.) : ill. ; cm. |
| 520 ## - SUMMARY, ETC. | |
| Summary, etc | When Mr. Meredith finds a remarkable stone, he builds a series of ever grander structures in which to house it. |
| 650 ## - SUBJECT ADDED ENTRY--TOPICAL TERM | |
| Topical term or geographic name as entry element | Rocks--Fiction. |
| 650 ## - SUBJECT ADDED ENTRY--TOPICAL TERM | |
| Topical term or geographic name as entry element | Children stories. |
| Withdrawn status | Lost status | Damaged status | Use restrictions | Home library | Current library | Shelving location | Date acquired | Source of acquisition | Total Checkouts | Full call number | Barcode | Date last seen | Price effective from | Koha item type |
|---|---|---|---|---|---|---|---|---|---|---|---|---|---|---|
| Munich Library | Munich Library | Easy Reading Section | 06/01/2004 | ER M68 1989 | M2490 | 04/14/2014 | 04/14/2014 | Books | ||||||
| Munich Library | Munich Library | Easy Reading Section | 12/29/2004 | ER M68 1989 | M2489 | 04/14/2014 | 04/14/2014 | Books |